000 01109nam a2200241Ia 4500
003 IN-BaIIA
008 211028s9999 xx 000 0 eng d
020 _a0-521-84758-3
040 _cIIA Library
080 _a524.834(082.2)
_bPLA
111 _aSpace Telescope Science Institute Symposium
_cUSA
_d2004 May 3-6
_930501
245 0 _aPlanets to cosmology-essential science in the final years of the hubble space telescope
_bproceedings of the space telescope science institute symposium held in Baltimore, USA, 3--6 May 2004
_cedited by Mario Livio and Stefano Casertano
260 _aCambridge
_bCambridge University Press
_c2006
300 _axi, 203p.
490 _aSpace telescope science institute symposium series; 18
650 _aAstronomy - research - congresses
_930502
650 _aHubble space telescope(Spacecraft)
_930503
650 _aSpace telescopes - research - congresses
_930504
700 _aCasertano, Stefano, ed.
_917393
700 _aLivio, Mario, ed.
_913149
710 _aSpace telescope science institute
_922572
942 _cBK
999 _c16441
_d16441